| 000 | 00687cam a22002295i 4500 | ||
|---|---|---|---|
| 001 | 17663715 | ||
| 005 | 20180223073545.0 | ||
| 008 | 130318s2008 inua 000 0 eng | ||
| 010 | _a 2012406976 | ||
| 020 | _a9780757563331 | ||
| 040 |
_aDLC _beng _cDLC _erda |
||
| 041 | _aeng | ||
| 042 | _apcc | ||
| 080 | _a371 | ||
| 082 | _2371 WAG | ||
| 100 | 1 | _a25 | |
| 101 | _aEDU | ||
| 245 | 1 | 0 |
_aStrategies for Academic Success : _cReneau Waggonner and Maria Gaylon, Jefferson Community andTechnical College. |
| 906 |
_a0 _bibc _corignew _d2 _encip _f20 _gy-gencatlg |
||
| 942 |
_2ddc _cBK |
||
| 999 |
_c43265 _d43265 |
||